Αι ελληνικαί αποικίαι : μελέτη πολιτική
Αποθηκεύτηκε σε:
| Κύριος συγγραφέας: | |
|---|---|
| Μορφή: | Βιβλίο |
| Γλώσσα: | Greek |
| Δημοσίευση: |
Εν Αθήναις :
Εκ του Τυπογραφείου της Εστίας Κ. Μάϊσνερ και Ν. Καργαδούρη,
1895.
|
| Θέματα: | |
| Ετικέτες: |
Προσθήκη ετικέτας
Δεν υπάρχουν, Καταχωρήστε ετικέτα πρώτοι!
|
MARC
| LEADER | 00000cam a2200000 i 4500 | ||
|---|---|---|---|
| 001 | 1/40681 | ||
| 008 | 140123s1895 gr | ||| |||| ||gre|| | ||
| 035 | |l 10116431 | ||
| 040 | |a GR-MyUA |b gre |e AACR2 | ||
| 041 | 0 | |a gre | |
| 082 | 7 | |a 938.99 |2 (22) | |
| 100 | 1 | |a Λαμπρίδης, Ιωάννης. | |
| 245 | 1 | 3 | |a Αι ελληνικαί αποικίαι : |b μελέτη πολιτική / |c Ιωάννου Λαμπρίδου. |
| 260 | |a Εν Αθήναις : |b Εκ του Τυπογραφείου της Εστίας Κ. Μάϊσνερ και Ν. Καργαδούρη, |c 1895. | ||
| 300 | |a 139 σ. ; |c 18 εκ. | ||
| 500 | |a Στο verso ετικέτα "Πόνος και επιμέλεια του διευθυντού Τη Πορφυριάδι Σχολή 1898-1899. Στo recto σφραγίδα "Πορφυριάς Αστική Σχολή Καρλοβασίων" με αρ. 1153. | ||
| 650 | 0 | 0 | |a Greeks |x History |z Foreign countries. |
| 650 | 0 | 0 | |a Hellenism |x History. |
| 651 | 0 | |a Greece |x Emigration and immigration. | |
| 852 | |a INST |b SAMOS |c PORFYRIADA |e 20140123 |h 938.99 ΛΑΜ |p 005300036330 |q 005300036330 |t NOLOAN |y 23 | ||
| 901 | |a BIBL3-2014-1 | ||
| 909 | |a Σ |b 184517 | ||
| 970 | |a ΚΟΣΙΕΡΗΣ |b ΧΡΗΣΤΟΣ |z 2014/01/23 | ||